Online
Catalog

Por una politeratura : (Record no. 18883)

MARC details
000 -CABECERA
campo de control de longitud fija 00700nam a2200205 a 4500
001 - NÚMERO DE CONTROL
campo de control 000019366
005 - FECHA Y HORA DE LA ÚLTIMA TRANSACCIÓN
campo de control 20260417182716.0
008 - DATOS DE LONGITUD FIJA--INFORMACIÓN GENERAL
campo de control de longitud fija 100626s1997 mx 000 0 spa d
020 ## - NÚMERO INTERNACIONAL ESTÁNDAR DEL LIBRO
Número Internacional Estándar del Libro 9701807499
040 ## - FUENTE DE LA CATALOGACIÓN
Centro catalogador/agencia de origen DO-SdBNP
Lengua de catalogación spa
Centro/agencia transcriptor BNPHU
082 ## - NÚMERO DE LA CLASIFICACIÓN DECIMAL DEWEY
Número de clasificación 860
Número de documento/Ítem S235p
049 ## - FONDOS LOCALES (OCLC)
Fondos de biblioteca BNGR
100 1# - ENTRADA PRINCIPAL--NOMBRE DE PERSONA
Nombre de persona Santí, Enrico Mario,
Fechas asociadas al nombre 1950-
9 (RLIN) 41609
245 10 - MENCIÓN DE TÍTULO
Título Por una politeratura :
Resto del título literatura hispanoamericana e imaginación política /
Mención de responsabilidad, etc. Enrico Mario Santí.
260 ## - PUBLICACIÓN, DISTRIBUCIÓN, ETC.
Lugar de publicación, distribución, etc. México :
Nombre del editor, distribuidor, etc. Consejo Nacional para la Cultura y las Artes ;
-- Ediciones del Equilibrista,
Fecha de publicación, distribución, etc. 1997.
300 ## - DESCRIPCIÓN FÍSICA
Extensión 354, [5] p. ;
Dimensiones 22 cm.
490 1# - MENCIÓN DE SERIE
Mención de serie Hora actual
650 #0 - PUNTO DE ACCESO ADICIONAL DE MATERIA--TÉRMINO DE MATERIA
Término de materia o nombre geográfico como elemento de entrada Literatura hispanoamericana
9 (RLIN) 318
830 #0 - PUNTO DE ACCESO ADICIONAL DE SERIE-TÍTULO UNIFORME
Título uniforme Hora actual
9 (RLIN) 22685
Holdings
Estado de retiro Estado de pérdida Restricciones de uso No para préstamo Código de colección Localización permanente Ubicación/localización actual Ubicación en estantería Fecha de adquisición Número de inventario Total de préstamos Signatura topográfica completa Código de barras Fecha visto por última vez Precio válido a partir de Tipo de ítem Koha
        Monografías: Libros y Folletos General General En catalogación 26.06.2010 LF1   860 S235p 19366-10 25.06.2020 25.06.2020 Préstamo en sala

Powered by Koha